Catálogo

LA VIRGEN DE ZAPOPAN (Registro nro. 60336)

Detalles MARC
000 -LEADER
fixed length control field 00501nam a2200169 a 4500
001 - CONTROL NUMBER
control field 60336
005 - DATE AND TIME OF LATEST TRANSACTION
control field 20180714061544.0
008 - FIXED-LENGTH DATA ELEMENTS--GENERAL INFORMATION
fixed length control field 140415s1982 000 0 spa d
041 ## - LANGUAGE CODE
Language code of text/sound track or separate title spa
082 ## - DEWEY DECIMAL CLASSIFICATION NUMBER
Classification number 242.74
Item number SAN
100 1# - MAIN ENTRY--PERSONAL NAME
Personal name SANDOVAL GODOY, LUIS
245 13 - TITLE STATEMENT
Title LA VIRGEN DE ZAPOPAN
260 ## - PUBLICATION, DISTRIBUTION, ETC.
Place of publication, distribution, etc. [s.l.] :
Name of publisher, distributor, etc. BANCOMER,
Date of publication, distribution, etc. 1982
300 ## - PHYSICAL DESCRIPTION
Extent 208
650 14 - SUBJECT ADDED ENTRY--TOPICAL TERM
Topical term or geographic name entry element INMACULADA CONCEPCION
General subdivision VIRGEN MARIA
-- DEVOCIONARIOS
-- VIRGEN MARIA
-- MILAGROS
700 1# - ADDED ENTRY--PERSONAL NAME
Personal name MARTINEZ REDING, FERNANDO
Relator term pról.
Existencias
Withdrawn status Lost status Source of classification or shelving scheme Damaged status Not for loan Collection code Home library Current library Shelving location Date acquired Source of acquisition Inventory number Total Checkouts Full call number Barcode Date last seen Price effective from Koha item type
    Dewey Decimal Classification     General Biblioteca Karol Wojtyla Biblioteca Karol Wojtyla Sala general 03/12/2013 Compra 151000000000000000056427   242.74 SAN 9094 05/01/2026 03/12/2013 Libro